Catálogo

CRIA DE GALLINAS EN JAULAS (Registro nro. 19342)

Detalles MARC
000 -LEADER
fixed length control field 00496nam a2200193 a 4500
001 - CONTROL NUMBER
control field 19342
005 - DATE AND TIME OF LATEST TRANSACTION
control field 20180713212752.0
008 - FIXED-LENGTH DATA ELEMENTS--GENERAL INFORMATION
fixed length control field 140415s1957 mx 000 0 spa d
041 ## - LANGUAGE CODE
Language code of text/sound track or separate title spa
082 ## - DEWEY DECIMAL CLASSIFICATION NUMBER
Classification number 636.51
Item number HAR
100 1# - MAIN ENTRY--PERSONAL NAME
Personal name HARTMAN, ROLAND C.
245 10 - TITLE STATEMENT
Title CRIA DE GALLINAS EN JAULAS
250 ## - EDITION STATEMENT
Edition statement 1a ed.
260 ## - PUBLICATION, DISTRIBUTION, ETC.
Place of publication, distribution, etc. MEXICO :
Name of publisher, distributor, etc. UTEHA,
Date of publication, distribution, etc. 1957
300 ## - PHYSICAL DESCRIPTION
Extent 318
650 14 - SUBJECT ADDED ENTRY--TOPICAL TERM
Topical term or geographic name entry element AVES DE CORRAL
700 1# - ADDED ENTRY--PERSONAL NAME
Personal name LOMA, JOSE LUIS DE LA
Relator term tr.
700 1# - ADDED ENTRY--PERSONAL NAME
Personal name KING, DALE F.
Relator term coaut.
Existencias
Withdrawn status Lost status Source of classification or shelving scheme Damaged status Not for loan Collection code Home library Current library Shelving location Date acquired Source of acquisition Inventory number Total Checkouts Full call number Barcode Date last seen Price effective from Koha item type
    Dewey Decimal Classification     General Biblioteca Karol Wojtyla Biblioteca Karol Wojtyla Área de silencio 03/12/2013 Compra 151000000000000000011096   636.51 HAR 38808 05/01/2026 03/12/2013 Libro